Fellowship by Age Quiz Stats

Quiz not verified by Sporcle

Challenge
Share
Tweet
Embed
Score 0/9 Timer 01:00
0 Plays Today
Character % Correct
Gandalf
98.9%
Legolas
97.5%
Gimli
95.4%
Aragorn
92.9%
Frodo
87.5%
Boromir
81.5%
Sam
80.8%
Merry
76.9%
Pippin
75.1%

You're not logged in!

Compare scores with friends on all Sporcle quizzes.
Join for Free
OR
Log In

You Might Also Like...

Show Comments

Extras

Top Quizzes Today


Score Distribution

Your Account Isn't Verified!

In order to create a playlist on Sporcle, you need to verify the email address you used during registration. Go to your Sporcle Settings to finish the process.

Report this User

Report this user for behavior that violates our Community Guidelines.

Details: